Statistics for Will & Grace

Click here to take the quiz!

General Stats

  • This quiz has been taken 125 times
  • The average score is 11 of 15

Answer Stats

HintAnswer% Correct
What is Will's job?Lawyer
98%
What is Grace's assistant called?Karen
97%
What is Rosario's job?Maid
96%
Where is Will & Grace set?New York
95%
How many seasons are there in total?8
94%
Who does Jack stalk in the episode 'Bacon & Eggs'?Kevin Bacon
87%
What is Grace's eventual husband called?Dr. Marvin 'Leo' Markus
82%
Who does Jack meet when he is knocked out?Cher
79%
What is the first location where Grace and her husband 'marry'?Central Park
64%
What is Jack's son called?Elliott
62%
What item do Jack and Grace use to get on to the show 'Antiques on the Road'?Teapot
59%
What does Val steal from Grace in the episode 'Girls, Interrupted'?Music Box
50%
What is the title of the first episode?Pilot
49%
What is Will's real name?Eric McCormack
31%
How many episodes are there?194
20%

Score Distribution

Percentile by Number Answered

Percent of People with Each Score

Your Score History

You have not taken this quiz